000 00768nac a22002171u 4500
020 _a0199269920
082 _a331
_bACK
090 _c6598
_d6598
100 _a20080729
245 _aThe Oxford handbook of work and organization /
_c edited by Stephen Ackroyd ... [et al.].
260 _aOxford :
_bOxford University Press, 2005.
_c2005
300 _axxi, 655 p. ;
_c 26 cm.
500 _adistributer: Al-Ahram
504 _a Includes bibliographical references and index.
511 _acatalogued by: wessam
650 _a Labor
650 _aOrganization.
700 _aAckroyd, Stephen.
942 _cBB
_k331ACK
999 _c6598
_d6598